Mercado de trabajo y la dinámica del desarrollo urbano: Costa Rica y Honduras, 1978-1984. Anexo estadístico: La encuesta de vivienda

Este documento recoge los datos estadísticos del trabajo, en un total de treinta y seis cuadros estadísticos. Algunas de las variables demográficas con que se cruza la información, referida a las ciudades de Liberia, Ciudad Quesada, San Isidro de El General, Puntarenas y Limón, son: edad, sexo, jefe...

Descripció completa

Guardat en:
Dades bibliogràfiques
Autor principal: Lavell, Allan
Format: Text
Publicat: San José: CSUCA. PISPAL. IAF. UNA. SAREC. UNAH
Matèries:
Etiquetes: Afegir etiqueta
Sense etiquetes, Sigues el primer a etiquetar aquest registre!

MARC

LEADER 00000 a a2200000 04500
001 13382
003
040 |a CRAI/IIS  |c CRAI/IIS 
090 |a 026800  
100 |a Lavell, Allan  
245 |a Mercado de trabajo y la dinámica del desarrollo urbano: Costa Rica y Honduras, 1978-1984. Anexo estadístico: La encuesta de vivienda  
260 |a San José:   |b CSUCA. PISPAL. IAF. UNA. SAREC. UNAH  
300 |a 52 p.  
300 |b **no definido**  
520 |a Este documento recoge los datos estadísticos del trabajo, en un total de treinta y seis cuadros estadísticos. Algunas de las variables demográficas con que se cruza la información, referida a las ciudades de Liberia, Ciudad Quesada, San Isidro de El General, Puntarenas y Limón, son: edad, sexo, jefes de familia, miembros de la familia, nivel educativo, causas de la inactividad laboral, sectores económicos, seguro social, jornada laboral, número de empleos, categorías de empleo, año de migración, etc. EB/mb  
650 |a POBLACION  
650 |a MIGRANTES  
650 |a EMPLEO  
650 |a DESEMPLEO  
650 |a DESEMPLEADOS  
650 |a OCUPACIONES  
650 |a MANO DE OBRA  
650 |a MIGRACION RURAL   |z -URBANA  
650 |a ESTRUCTURA DEL EMPLEO  
650 |a ASALARIADOS  
999 |c 3694  |d 3694